000
00300nam a22001217a 4500
008
180814b xxu||||| |||| 00| 0 eng d
041
_a
eng
080
_a
616.12
100
_a
7
101
_a
kar
245
_a
cardiac catheterization in congenital heart disease
_c
cournard.a
942
_2
udc
_c
BK
999
_c
47073
_d
47073